[Event "Calgary March of Kings"]
[Site "Calgary"]
[Date "2015.03.15"]
[Round "5"]
[White "Schlegel, Zacchary"]
[Black "Koneru, Nimai"]
[Result "1/2-1/2"]
[WhiteElo "1410"]
[BlackElo "1457"]
[PlyCount "134"]
[EventDate "2015.03.14"]
[EventType "swiss"]
[EventRounds "5"]
[EventCountry "CAN"]
[SourceTitle "EXT 2017"]
[Source "ChessBase"]
[SourceDate "2016.10.25"]
[SourceVersion "1"]
[SourceVersionDate "2016.10.25"]
[SourceQuality "1"]

1. d4 d5 2. c4 e6 3. Nc3 Nf6 4. Nf3 c6 5. Bg5 h6 6. Bh4 Nbd7 7. e3 Be7 8. c5 b6 9. b4 a5 10. a3 Bb7 11. Bd3 0-0 12. 0-0 Re8 13. Nd2 e5 14. f4 exf4 15. exf4 Qc7 16. Nb3 Ba6 17. Bxa6 Rxa6 18. Qd3 Ra7 19. Bg3 Nh5 20. Qf3 Nxg3 21. Qxg3 Rea8 22. Rfe1 Bf6 23. Qe3 axb4 24. axb4 Rxa1 25. Rxa1 Rxa1+ 26. Nxa1 bxc5 27. bxc5 Nf8 28. Nb3 Ne6 29. g3 Qa7 30. Ne2 Qa3 31. Kf2 Qb2 32. Kf3 Qb1 33. Kg2 Qe1 34. Qf2 Qd1 35. Qe3 Qc2 36. Kf3 g5 37. Kg4 gxf4 38. gxf4 Qg6+ 39. Kh3 Qh5+ 40. Kg2 Bh4 41. Ng3 Qg4 42. f5 Nf4+ 43. Kf2 Qxf5 44. Qe8+ Kg7 45. Qe5+ Qxe5 46. dxe5 Nd3+ 47. Ke3 Bxg3 48. Kxd3 Bxe5 49. h3 f5 50. Na5 Bc7 51. Nxc6 Kf6 52. Nb4 Ke6 53. Kd4 f4 54. Nxd5 Be5+ 55. Kc4 f3 56. Ne3 f2 57. Kb5 Bf4 58. Nf1 Kd7 59. Kc4 Kc6 60. Kd3 Bg5 61. Ke2 Bh4 62. Nd2 Kd5 63. c6 Kxc6 64. Ne4 Kd5 65. Nxf2 Bg5 66. Kf3 h5 67. Nd3 Ke6 1/2-1/2